Business sustainability framework : (Record no. 139276)
[ view plain ]
| 000 -LEADER | |
|---|---|
| fixed length control field | 00614cam a22002058i 4500 |
| 001 - CONTROL NUMBER | |
| control field | 23941486 |
| 005 - DATE AND TIME OF LATEST TRANSACTION | |
| control field | 20251126122807.0 |
| 008 - FIXED-LENGTH DATA ELEMENTS--GENERAL INFORMATION | |
| fixed length control field | 241205s2025 enk b 001 0 eng |
| 020 ## - INTERNATIONAL STANDARD BOOK NUMBER | |
| International Standard Book Number | 9781032782676 |
| 040 ## - CATALOGING SOURCE | |
| Transcribing agency | PK-LaUMT |
| 082 00 - DEWEY DECIMAL CLASSIFICATION NUMBER | |
| Classification number | 658.4083 |
| Item number | REZ-B |
| 100 1# - MAIN ENTRY--PERSONAL NAME | |
| Personal name | Rezaee, Zabihollah |
| 245 10 - TITLE STATEMENT | |
| Title | Business sustainability framework : |
| Remainder of title | theory and practice / |
| Statement of responsibility, etc | by Zabihollah Rezaee |
| 260 ## - PUBLICATION, DISTRIBUTION, ETC. (IMPRINT) | |
| Place of publication, distribution, etc | London : |
| Name of publisher, distributor, etc | Routledge, |
| Date of publication, distribution, etc | 2025 |
| 300 ## - PHYSICAL DESCRIPTION | |
| Extent | 479 p. |
| 650 #0 - SUBJECT ADDED ENTRY--TOPICAL TERM | |
| Topical term or geographic name as entry element | Sustainable development reporting. |
| 650 #0 - SUBJECT ADDED ENTRY--TOPICAL TERM | |
| Topical term or geographic name as entry element | Social accounting. |
| 650 #0 - SUBJECT ADDED ENTRY--TOPICAL TERM | |
| Topical term or geographic name as entry element | Environmental auditing. |
| 942 ## - ADDED ENTRY ELEMENTS (KOHA) | |
| Koha item type | Books |
| Withdrawn status | Lost status | Damaged status | Home library | Current library | Date acquired | Full call number | Barcode | Date last seen | Price effective from | Koha item type |
|---|---|---|---|---|---|---|---|---|---|---|
| UMT Main Campus | UMT Main Campus | 2025-11-26 | 658.4083 REZ-B | 151085 | 2025-11-26 | 2025-11-26 | Books |
